| 000 | 01117nam a22003377a 4500 | ||
|---|---|---|---|
| 003 | CHAP | ||
| 005 | 20220817043742.0 | ||
| 008 | 010201d1999 it rn 00110 spa d | ||
| 010 | _a83427 | ||
| 011 | _a84399 | ||
| 020 | _a9253042729 | ||
| 035 | _a94919 | ||
| 040 | _cCHAP | ||
| 082 | 0 | 4 |
_a630.71 _bF31Y |
| 110 | 2 | _aFAO | |
| 245 | 1 | 0 |
_aElaboración participativa de planes de estudios para la educación y capacitación agrícola : _buna guía de capacitación _c/por Alan Rogers y Peter Taylor |
| 260 |
_aRoma : _bFAO, _c1999. |
||
| 300 | _a154 p. | ||
| 590 |
_aBATCH-UPD _b10 _c20130110 _lUCH01 _h0447 |
||
| 590 |
_aBATCH-UPD _b10 _c20130410 _lUCH01 _h0123 |
||
| 590 |
_aBATCH-UPD _b10 _c20130914 _lUCH01 _h1242 |
||
| 590 |
_aCONVERSION _b10 _c20130109 _lUCH01 _h1346 |
||
| 650 | 1 | 4 |
_aEducación agrícola _xPlanes de estudio. _935539 |
| 650 | 1 | 4 |
_aProgramas de capacitación. _992376 |
| 700 | 0 |
_aRogers, Alan. _999064 |
|
| 700 | 0 |
_aTaylor, Peter. _9111825 |
|
| 901 | _aBK | ||
| 905 | _aPatricia Mendoza P. | ||
| 942 | _cLIBRO | ||
| 949 |
_a630.71 F31Y _bBC _cFAO _d33724000814802 _eFAO1 _h99458 _i94919 _kDonaciØn _si |
||
| 999 |
_c83427 _d83427 |
||